Sports Quiz

Random Sports or Clickable Quiz

Tennis #1 or Not Quiz Stats

 Plays Quiz Updated Jan 12, 2018

Challenge
Share
Tweet
Embed
Score 0/26 Timer 05:00
4 Plays Today
% Correct
Roger Federer
92.2%
Rafael Nadal
91.3%
Novak Djokovic
90.8%
Andre Agassi
90.1%
Pete Sampras
89.8%
John McEnroe
88.9%
Björn Borg
88.3%
Boris Becker
87.3%
Jimmy Connors
85.3%
Ivan Lendl
82.8%
Andy Roddick
82.3%
Lleyton Hewitt
82.1%
Stefan Edberg
78.2%
% Correct
Jim Courier
78.1%
Marat Safin
69.6%
Mats Wilander
68.5%
Patrick Rafter
63.1%
Gustavo Kuerten
58.5%
Ilie Năstase
55%
John Newcombe
54.8%
Carlos Moyá
52.3%
Juan Carlos Ferrero
52%
Andy Murray
51.6%
Yevgeny Kafelnikov
49%
Thomas Muster
43.5%
Marcelo Ríos
42%

You're not logged in!

Compare scores with friends on all Sporcle quizzes.
Join for Free
OR
Log In

You Might Also Like...

Show Comments

Extras

Top Quizzes Today


Score Distribution

Your Account Isn't Verified!

In order to create a playlist on Sporcle, you need to verify the email address you used during registration. Go to your Sporcle Settings to finish the process.

Report this User

Report this user for behavior that violates our Community Guidelines.

Details: